Better paper--better printing; (Record no. 15537)

MARC details
000 -LEADER
fixed length control field 00621cam a22002291 4500
001 - CONTROL NUMBER
control field ca 21000187
003 - CONTROL NUMBER IDENTIFIER
control field DLC
005 - DATE AND TIME OF LATEST TRANSACTION
control field 20260227111109.0
008 - FIXED-LENGTH DATA ELEMENTS--GENERAL INFORMATION
fixed length control field 810428s1920 mauah 000 0 eng
010 ## - LIBRARY OF CONGRESS CONTROL NUMBER
LC control number ca 21000187
035 ## - SYSTEM CONTROL NUMBER
System control number (OCoLC)16763363
040 ## - CATALOGING SOURCE
Original cataloging agency DLC
Transcribing agency OrPS
Modifying agency DLC
042 ## - AUTHENTICATION CODE
Authentication code premarc
050 00 - LIBRARY OF CONGRESS CALL NUMBER
Classification number Z247
Item number .W290
110 2# - MAIN ENTRY--CORPORATE NAME
Corporate name or jurisdiction name as entry element S.D. Warren Company.
245 10 - TITLE STATEMENT
Title Better paper--better printing;
260 ## - PUBLICATION, DISTRIBUTION, ETC.
Place of publication, distribution, etc. Boston,
Name of publisher, distributor, etc. S. D. Warren company,
Date of publication, distribution, etc. 1920.
300 ## - PHYSICAL DESCRIPTION
Extent [16] p.
Other physical details illus. (incl. facsims.)
Dimensions 32 x 25 cm.
650 #0 - SUBJECT ADDED ENTRY--TOPICAL TERM
Topical term or geographic name entry element Paper.
650 #0 - SUBJECT ADDED ENTRY--TOPICAL TERM
Topical term or geographic name entry element Illustration of books.
740 0# - ADDED ENTRY--UNCONTROLLED RELATED/ANALYTICAL TITLE
Uncontrolled related/analytical title Warren's olde style.

No items available.

Powered by Koha